header

Principles of plant physiology, (Record no. 250906)

MARC details
000 -LEADER
fixed length control field 00699nam a22002291 4500
001 - CONTROL NUMBER
control field 275952
003 - CONTROL NUMBER IDENTIFIER
control field OSt
005 - DATE AND TIME OF LATEST TRANSACTION
control field 20151026085118.0
008 - FIXED-LENGTH DATA ELEMENTS--GENERAL INFORMATION
fixed length control field 730102s1952 caua 000 0 eng
010 ## - LIBRARY OF CONGRESS CONTROL NUMBER
LC control number 52007248
040 ## - CATALOGING SOURCE
Original cataloging agency DLC
Transcribing agency DLC
Modifying agency DLC
050 00 - LIBRARY OF CONGRESS CALL NUMBER
Classification number QK711
Item number .B577
082 00 - DEWEY DECIMAL CLASSIFICATION NUMBER
Classification number 581.1
100 1# - MAIN ENTRY--PERSONAL NAME
Personal name Bonner, James Frederick,
Dates associated with a name 1910-
245 00 - TITLE STATEMENT
Title Principles of plant physiology,
Statement of responsibility, etc by James Bonner and Arthur W. Galston. Illus. by Evan L. Gillespie.
260 ## - PUBLICATION, DISTRIBUTION, ETC. (IMPRINT)
Place of publication, distribution, etc San Francisco,
Name of publisher, distributor, etc W. H. Freeman,
Date of publication, distribution, etc 1952.
300 ## - PHYSICAL DESCRIPTION
Extent 499 p.
Other physical details illus.
Dimensions 25 cm.
490 0# - SERIES STATEMENT
Series statement A Series of biology texts
650 #0 - SUBJECT ADDED ENTRY--TOPICAL TERM
Topical term or geographic name as entry element Plant physiology.
906 ## - LOCAL DATA ELEMENT F, LDF (RLIN)
a 7
b cbc
c orignew
d u
e ocip
f 19
g y-gencatlg
942 ## - ADDED ENTRY ELEMENTS (KOHA)
Source of classification or shelving scheme Library of Congress Classification
Koha item type Long Loan Books
Holdings
Withdrawn status Lost status Source of classification or shelving scheme Damaged status Not for loan Collection code Home library Current library Shelving location Date acquired Total Checkouts Full call number Barcode Date last seen Price effective from Koha item type
    Library of Congress Classification     Non-fiction Rongo University Library Rongo University Library General Stacks 26/10/2015   QK711 .B577 20091449 26/10/2015 26/10/2015 Long Loan Books

© 2026 Rongo University
Contact us: librarian | system librarian | Rongo university